| 000 | 00613nam a22001217a 4500 | ||
|---|---|---|---|
| 008 | 110621t xxu||||| |||| 00| 0 eng d | ||
| 010 | _aCACAF67 | ||
| 245 | _aThe Court of Appeal Civil Application No. 14/96 Joy Tumushabe & Anor Vs M/s Anglo African No. 14/98 | ||
| 260 | _c1998 | ||
| 500 | _aCoram: Twinomujuni J.A (Single Judge) | ||
| 500 | _aApplication for extension of time to file an intended appeal from the judgment of the High Court of Uganda (Ntabgoba P.J.) dated 6th March 1996 in H.C.C.S No .79 of 1995. | ||
| 999 |
_c3429 _d3429 |
||